000 00634nam a2200181 a 4500
008 120416s1989 ||||||||||||||||| || u
050 _aHD 70.J3 Als
100 _aAlston, Jon P
245 1 4 _aThe American Samurai
246 _ablending American and Japanese managerial practices
260 _aNew York
_bWalter de Gruyter
_c1989
300 _axi, 369p
350 _a0.00
650 _aMANAGEMENT--UNITED STATES
650 0 _aMANAGEMENT
650 _aMANAGEMENT--JAPAN
995 _D0.00
_FCBU-MAIN LIBRARY (Kitwe)
_H1
_I24.95
_M1
_UAVAILABLE
_ZAnnex Low-Usage Collection
999 _c34166
_d34166